Social Transformation of Indian Tribes (Record no. 10296)

MARC details
000 -LEADER
fixed length control field 00689nam a2200229 a 4500
020 ## - INTERNATIONAL STANDARD BOOK NUMBER
ISBN 812610452X
082 00 - DEWEY DECIMAL CLASSIFICATION NUMBER
Classification number 306.0899145
Author Cutter SIN
100 ## - MAIN ENTRY--AUTHOR NAME
Author name Singh, R
245 ## - TITLE STATEMENT
Title Social Transformation of Indian Tribes
260 ## - PUBLICATION, DISTRIBUTION, ETC. (IMPRINT)
Place of publication Delhi
Name of publisher Anmol Publishers
Year of publication 1999
300 ## - PHYSICAL DESCRIPTION
Number of Pages 286p
500 ## - GENERAL NOTE
General note includes index and biblioraphy
505 2# - FORMATTED CONTENTS NOTE
Formatted contents note The author uses Clifford Greetz`s concept of the theatre state to help analyse contemporary politics and ethinic relations in the region.
942 ## - ADDED ENTRY ELEMENTS (KOHA)
Koha item type Books
700 1# -
-- Singh, R
Holdings
Collection code Home library Current library Date acquired Cost, normal purchase price Full call number Accession Number Koha item type
  Henry Martyn Institute Library Henry Martyn Institute Library 05/24/2005 600.00 306.0899145 SIN 019438 Books
                   Copyright © 2026 | Henry Martyn Institute | Hyderabad | TS-500052 | INDIA | Implemented by hmi.edu.in
Hit-Count:

Powered by Koha